000 00641nam a2200265Ia 4500
005 20260306152933.0
008 008 260114s9999 xx 000 0 eng d
020 _a9781800105607
037 _aEBOOK
040 _aCRL
040 _beng
040 _cCRL
041 _2eng
041 _aeng
084 _qCRL
100 _aGemählich
_91124325
245 4 _aThe Kenyan Cut Flower Industry and Global Market Dynamics
250 _a1st ed
260 _bBoydell & Brewer
260 _c2023
650 _aAfrican Studies
856 _uhttps://doi.org/10.1017/9781800105607
942 _cEBOOK
999 _c1701550
_d1701550